000
00320nam a22001457a 4500
020
_a
81-7478-635-X
082
_a
920
_b
SRI/M
100
_a
SRINIVASAN,ARCHANA
245
_a
MOST INFLUENTIAL BUSINESSMEN
250
_a
2005
260
_a
CHENNAI
_b
SURA BOOKS
300
_a
92
650
_a
BIOGRAPHY
_z
CHENNAI
942
_c
BK
999
_c
6458
_d
6458